Country flags with more than 5 colours - Statistics

General Stats
  • This quiz has been taken 43 times
  • The average score is 12 of 14
Answer Stats
Picture Hint Answer % Correct
6 Colours South Africa
97%
6 Colours Croatia
94%
6 Colours Portugal
94%
43 Colours Ecuador
91%
6 Colours Paraguay
88%
6 Colours Andorra
85%
7 Colours Fiji
85%
8 Colours Guatemala
85%
7 Colours Haiti
85%
8 Colours Costa Rica
82%
19 Colours Belize
79%
6 Colours Dominica
79%
6 Colours South Sudan
76%
8 Colours Equatorial Guinea
67%
No matching quizzes found
Score Distribution
Percent of People with Each Score
Percentile by Number Answered
Your Score History
You have not taken this quiz